000 00408nam a2200157Ia 4500
008 230312s9999||||xx |||||||||||||| ||und||
020 _a81-265-0819-1
082 _a621.3824
_bEIL-A
100 _aElliott,Robert S.
245 0 _aAntenna Theory and Design
260 _bJohn Wiley
_aIndia
_c2005
300 _a594
546 _aEng.
650 _aEngineering
_vIntroduction, Directiving and Gain
942 _cBK
999 _c1383
_d1383